| 000 | 00685nam a2200217Ia 4500 | ||
|---|---|---|---|
| 005 | 20221130111942.0 | ||
| 008 | 210716s2000 xx 000 0 und d | ||
| 020 | _a9788126527373 | ||
| 040 | _cAIMIT LIBRARY | ||
| 041 | _aeng | ||
| 082 |
_a005.368 _23 _bVLIH |
||
| 100 |
_aVliet, Hans Van. _964320 |
||
| 245 |
_aSoftware engineering : _bprinciples and practice / _cBy Vliet, Hans Van. |
||
| 250 | _a3rd ed. | ||
| 260 |
_aNew York : _bJohn Wiley and Sons , _c2000. |
||
| 300 |
_axxvi,713 p,; _bPB _c24 cm. |
||
| 650 |
_aSoftware life cycle revisited _964321 |
||
| 650 |
_aConfiguration management _964322 |
||
| 650 |
_aCost estimation _964323 |
||
| 942 |
_2ddc _cBK _e3rd _k005.368 VLIH |
||
| 999 |
_c194667 _d194667 |
||